000 01442cam a2200349 i 4500
001 24335
003 Mx-PuUPA
005 20240613120333.0
008 140415s2021 sp a gr 000 0 spa d
020 _a9788409271375
040 _aMx-PuUPA
_bspa
_cMx-PuUPA
_dMx-PuUPA
_erda
041 0 _aspa
100 1 _aPizarro Gómez, F. Javier,
_98851
_eautor
245 1 0 _aAmérica en extremadura :
_breflejos y presencias de Iberoamérica en el arte y el patrimonio extremeños /
_cFrancisco Javier Pizarro Gómez ; presentaciones, Miguel Ángel Gallardo Miranda [y otro] ; prefacio, Jaime Cuadriello Aguilar
250 _aPrimera edición
264 1 _a[Lugar de publicación no identificado] :
_bDiputación de Badajoz,
_c2021
300 _a262 páginas :
_bilustraciones (en color) ;
_c31 cm
336 _2rdacontent
_atexto
_btxt
337 _2rdamedia
_asin medio
_bn
338 _2rdacarrier
_avolumen
_bnc
490 0 _aColección Rescate ;
_v14
650 7 _2armarc
_aArte extremeño
_xInfluencia latinoamericana
650 7 _2armarc
_aArte latinoamericano
_xExtremadura
650 7 _2armarc
_aExtremadura
_xInfluencia artística
650 7 _2armarc
_aArtes español
651 4 _aAmérica en el arte
700 1 _aGallardo Miranda, Miguel Ángel,
_epresentador
700 1 _aCuadriello Aguilar, Jaime,
_eautor de introducción
942 _2ddc
_cLI
_h700.98
_iP695
999 _c24335
_d24335